000 02195cam a2200361Ma 4500
001 ocn145781978
003 TZ-ArACH
005 20130510141149.0
008 061204s2005 fr 100 0 fre d
020 _a9287158711
020 _a9789287158710
035 _a(OCoLC)145781978
040 _aLVB
_bfre
_cTZ-ArACH
_dUQ1
041 _aFre
043 _ae------
049 _aTZAA
050 _aKJC3490
_b.A6
111 2 _aConférence "Droits de l'homme -- handicap -- enfants : vers des dispositions internationales pour le droit des personnes handicapées : le cas particulier des enfants handicapés"
_d(2004 :
_cStrasbourg, France)
_910073
245 1 0 _aDroits de l'homme -- handicap -- enfants :
_bvers des dispositions internationales pour les droits des personnes handicapées : le cas particulier des enfants handicapés : actes de la conférence, Strasbourg, Conseil de l'Europe (8-9 novembre 2004) /
_corganisée par la Division de l'Accord partiel dans le domaine social et de la santé publique ; sous l'égide de la Présidence norvégienne du Comité des ministres.
260 _aStrasbourg :
_bÉditions du Conseil de l'Europe,
_c2005.
300 _a283 p.
650 6 _aEnfants handicapés, Services aux
_zEurope
_vCongrès.
_910074
650 6 _aParents d'enfants handicapés, Services aux
_zEurope
_vCongrès.
_910075
650 7 _aDroits des handicapés.
_910076
650 7 _aEnfant handicapé.
_910077
650 7 _aParent d'enfant handicapé.
_910078
650 7 _aService d'aide.
_910079
651 7 _aEurope.
_910080
710 2 _aConseil de l'Europe.
_bDivision de l'accord partiel dans le domaine social et de la santé publique.
_910081
775 0 _aConférence "Droits de l'homme -- handicap -- enfants : vers des dispositions internationales pour le droit des personnes handicapées : le cas particulier des enfants handicapés" (2004 : Strasbourg, France).
_tHuman rights -- Disability -- Children : towards international instruments for disability rights : the special case of disabled children.
942 _2lcc
_cBOOK
999 _c2259
_d2259